000 01669nam a2200493 i 4500
001 6508
003 KOSZ 005
005 20191008111431.0
008 190121s1994 pl aoh f |001 0 pol
015 _aPB 2019/7667
020 _a8301113197
035 _a991031119879705066
035 _a(PL-WaBN)b61029270-48omnis_nlop
035 _ab61029270
035 _a(PL)b0000006102927
035 _a(EXLNZ-48OMNIS_NETWORK)9910112610205606
040 _aWA N
_cWA N
_dKOSZ 005/EG
041 1 _apol
_heng
046 _a1972
080 _a579
100 1 _aPostgate, John Raymond
_d(1922-2014)
_eAutor
245 1 0 _aCzłowiek i drobnoustroje /
_cJohn Postgate ; z angielskiego przełożył Zdzisław Markiewicz.
246 1 _iTytuł oryginału:
_aMicrobs and man,
_f1992
250 _aWydanie 2. zmienione.
260 _aWarszawa :
_bWydawnictwo Naukowe PWN,
_c1994.
300 _a307, [1] strona :
_bilustracje, faksymile, fotografie ;
_c21 cm.
336 _2rdacontent
_aTekst
_btxt
337 _2rdamedia
_aBez urządzenia pośredniczącego
_bn
338 _2rdacarrier
_aWolumin
_bnc
380 _aKsiążki
380 _aPublikacje popularnonaukowe
388 _a1901-2000
388 _a1989-2000
504 _aIndeks.
650 7 _aDrobnoustroje
_2DBN
650 7 _aMikrobiologia
_2DBN
655 7 _aOpracowanie
_2DBN
658 _aBiologia
700 1 _aMarkiewicz, Zdzisław
_d(1945- ).
_eTłumaczenie
710 2 _aWydawnictwo Naukowe PWN
856 _uhttp://koha.tu.koszalin.pl/cgi-bin/koha/opac-detail.pl?biblionumber=6508
_yKatalog online BPK
942 _2UKD
_cKS
999 _c6508
_d6508